|
|
|
แสดงรายละเอียดบรรณานุกรม |
|
|
Brief Record
: Get Marc (ISO 2709)
: E-mail record
: |
| LEADER : 00000nam 2200000uu 4500 | |||
| 001 13399129204 | |||
| 003 ULIB | |||
| 008 020711s2568 th a 000 0 tha d | |||
| 020 ^a9786166299366 | |||
| 060 ^aWY161^bร632ก | |||
| 100 ^aรุ่งนภา เขียวชะอ่ำ | |||
| 245 ^aการพยาบาลผู้ป่วยบาดเจ็บที่สมองตั้งแต่ระยะก่อนถึงโรงพยาบาลสู่การดูแลที่บ้าน Nursing care for patients with traumatic brain injury from prehospital to home care | |||
| 250 ^aพิมพ์ครั้งที่ 1 | |||
| 260 ^aขอนแก่น :^bเพ็ญพริ้นติ้ง,^c2568 | |||
| 300 ^a226 หน้า;^b25 ซม. | |||
| 650 ^aศัลยกรรม^xสมอง^xการพยาบาล | |||
| 650 ^aผ่าตัด^xสมอง^xการพยาบาล | |||
| 999 ^aประนอม เกษจรัล | |||
| คุณยังไม่ได้ล็อกอิน คุณสามารถมีกิจกรรมร่วมกับเว็บไซต์ได้ แต่ต้องล็อกอินก่อน :: |
|
รายการสื่อสารสนเทศ |
| สถานะ | |||||
| 1. | หนังสือสำรอง สถานะ=หนังสือสำรอง | WY161 ร632ก ฉ.1 Barcode: 012153 | ►หนังสือทั่วไป | บนชั้น | |
| 2. | Book การพยาบาล | WY161 ร632ก ฉ.2 Barcode: 012154 | ►หนังสือทั่วไป | บนชั้น | |
| 3. | Book การพยาบาล | WY161 ร632ก ฉ.3 Barcode: 012155 | ►หนังสือทั่วไป | บนชั้น | |
| 4. | Book การพยาบาล | WY161 ร632ก ฉ.4 Barcode: 012156 | ►หนังสือทั่วไป | บนชั้น | |
| 5. | Book การพยาบาล | WY161 ร632ก ฉ.5 Barcode: 012157 | ►หนังสือทั่วไป | บนชั้น | |
BibComment |
| คอมเมนท์ทรัพยากรรายการนี้ |
|
| |
Copyright 2026. Bcnsprnw @Library |
|